| 000 | 01492nam a2200433 c 4500 | ||
|---|---|---|---|
| 999 |
_c50325 _d50325 |
||
| 001 | 50325 | ||
| 003 | ES-MaCES | ||
| 005 | 20250526142655.0 | ||
| 007 | cr ||||||||||| | ||
| 008 | 171211s2017 sp ||| ||spa d | ||
| 017 |
_aNA 2289-2017 _bDL |
||
| 020 | _a9788491773535 | ||
| 020 | _a9788491774884 (electrónico) | ||
| 040 |
_aES-MaCES _bspa _cES-MaCES |
||
| 100 | 1 |
_938876 _aArenas Viurez, Margarita |
|
| 245 | 1 | 4 |
_aLas prestaciones familiares de la Seguridad Social _cMargarita Arenas Viurez |
| 250 | _a1ª ed | ||
| 260 |
_aCizur Menor (Navarra) _bThomson Reuters-Aranzadi _c2017 |
||
| 300 |
_a272 p. _c24 cm |
||
| 490 | 1 |
_aMonografías Aranzadi _v924. Aranzadi Derecho laboral |
|
| 500 | _aDisponible en formato electrónico mediante la aplicación PROVIEW | ||
| 504 | _aBibliografía: p. 221-223 | ||
| 541 | _cCompra | ||
| 650 | 4 |
_aprestaciones familiares _927038 |
|
| 650 | 4 |
_aseguridad social _927034 |
|
| 650 | 4 |
_apolítica familiar _930329 |
|
| 650 | 4 |
_aEspaña _926964 |
|
| 650 | 4 |
_aUE _926752 |
|
| 650 | 4 |
_apaís de la UE _929020 |
|
| 650 | 4 |
_acomparación _928892 |
|
| 650 | 4 |
_alegislación de seguridad social _929855 |
|
| 650 | 4 |
_acampo de aplicación _930263 |
|
| 653 | 1 | 0 | _aSeguridad Social |
| 830 | 0 |
_aMonografías Aranzadi _v924 _932673 |
|
| 830 | 0 |
_aMonografías Aranzadi _pDerecho laboral _933164 |
|
| 856 | 4 |
_uhttps://legalteca.aranzadilaley.es/my-library?sponsor=82111144-IP _yLegalteca |
|
| 902 | _aLIB Libro | ||
| 942 |
_2CES _cBK _h3.0. |
||